Foucault (Registro nro. 674253)

Detalles MARC
001 - NÚMERO DE CONTROL
campo de control 1355423
005 - FECHA Y HORA DE LA ÚLTIMA TRANSACCIÓN
campo de control 20260508084731.0
008 - DATOS DE LONGITUD FIJA--INFORMACIÓN GENERAL
campo de control de longitud fija 140121s2006 eng
020 ## - NÚMERO INTERNACIONAL ESTÁNDAR DEL LIBRO
Número Internacional Estándar del Libro 0826490786
035 ## - NÚMERO DE CONTROL DEL SISTEMA
Número de control de sistema 1355423
040 ## - FUENTE DE LA CATALOGACIÓN
Centro/agencia transcriptor comduadb
041 ## - CÓDIGO DE LENGUA
Código de lengua del texto/banda sonora o título independiente eng
082 #4 - NÚMERO DE LA CLASIFICACIÓN DECIMAL DEWEY
Número de clasificación 194
100 10 - ENTRADA PRINCIPAL--NOMBRE DE PERSONA
Nombre de persona Deleuze, Gilles,
Fechas asociadas al nombre 1925-1995
Código de función aut
Número de control del registro de autoridad o número normalizado (isni)0000 0001 2277 323X
-- (viaf)22140703
Término indicativo de función/relación Autor/a
9 (RLIN) 504264
245 10 - MENCIÓN DE TÍTULO
Título Foucault
260 ## - PUBLICACIÓN, DISTRIBUCIÓN, ETC.
Lugar de publicación, distribución, etc. Londres :
Nombre del editor, distribuidor, etc. Continuum,
Fecha de publicación, distribución, etc. 2006.
300 ## - DESCRIPCIÓN FÍSICA
Extensión 130 páginas.
520 3# - SUMARIO, ETC.
Sumario, etc. En Foucault, Deleuze presenta uno de los análisis más incisivos y productivos de la obra de Michel Foucault. Este es un examen fundamental de los fundamentos filosóficos y los temas principales de la obra de Foucault, proporcionando un compromiso riguroso con vistas de Foucault sobre el conocimiento, el castigo, el poder y la naturaleza de la subjetividad.
600 14 - PUNTO DE ACCESO ADICIONAL DE MATERIA--NOMBRE DE PERSONA
Nombre de persona Foucault, Michel,
Fechas asociadas al nombre 1926-1984
Subdivisión general Crítica e interpretación
9 (RLIN) 860867
650 #7 - PUNTO DE ACCESO ADICIONAL DE MATERIA--TÉRMINO DE MATERIA
Término de materia o nombre geográfico como elemento de entrada Filosofía francesa
Fuente del encabezamiento o término lemb
9 (RLIN) 551
650 #7 - PUNTO DE ACCESO ADICIONAL DE MATERIA--TÉRMINO DE MATERIA
Término de materia o nombre geográfico como elemento de entrada Filósofos franceses
Fuente del encabezamiento o término lemb
9 (RLIN) 34143
700 10 - ENTRADA AGREGADA--NOMBRE PERSONAL
Nombre de persona Hand, Seán
Código de función trl
Término indicativo de función/relación Traductor/a
9 (RLIN) 470148
942 ## - ELEMENTOS DE ENTRADA AGREGADA (KOHA)
Tipo de ítem Koha Libros
Existencias
Estado de retiro Estado de pérdida Estado dañado No para préstamo Código de colección Localización permanente Ubicación/localización actual Fecha de adquisición Fuente de adquisición Coste, precio normal de compra Número de inventario Total de préstamos Signatura topográfica completa Código de barras Fecha visto por última vez Fecha del último préstamo Número de copia Precio válido a partir de Tipo de ítem Koha
        Colección General Piso 2 Biblioteca Carlos Gaviria Díaz, Campus Medellín Biblioteca Carlos Gaviria Díaz, Campus Medellín 21/01/2014 Agapea 62517.00 C1195011 1 194 D348f 2006 0988160 04/03/2026 15/12/2023 1 02/05/2023 Libros